[Event "EU-chT Seniors 12th"]
[Site "Dresden"]
[Date "2010.02.16"]
[Round "7"]
[White "Neudel, Bernd"]
[Black "Guebler, HW."]
[Result "1-0"]
[WhiteElo "1937"]
[BlackElo "1750"]
[PlyCount "39"]
[EventDate "2010.02.10"]
[EventType "team-swiss"]
[EventRounds "9"]
[EventCountry "GER"]
[SourceTitle "CBM 134 Extra"]
[Source "ChessBase"]
[SourceDate "2010.03.03"]
[SourceVersion "1"]
[SourceVersionDate "2010.03.03"]
[SourceQuality "1"]
[WhiteTeam "Stiftung BSW/DBAG (Seniors) II"]
[BlackTeam "Dresden (Seniors)"]
[WhiteTeamCountry "GER"]
[BlackTeamCountry "GER"]

1. d4 Nf6 2. Nf3 e6 3. c4 d5 4. Nc3 c6 5. e3 Bd6 6. Bd3 0-0 7. 0-0 Nbd7 8. b3 e5 9. dxe5 Nxe5 10. Nxe5 Bxe5 11. Bb2 Bxh2+ 12. Kxh2 Ng4+ 13. Kg3 Qd6+ 14. Kf3 Nh2+ 15. Ke2 Nxf1 16. Qxf1 f5 17. g3 Be6 18. cxd5 cxd5 19. Nb5 Qe7 20. Ba3 1-0

[Event "EU-chT Seniors 12th"]
[Site "Dresden"]
[Date "2010.02.11"]
[Round "2"]
[White "Guebler, HW."]
[Black "Seyffarth, Renate"]
[Result "1/2-1/2"]
[WhiteElo "1750"]
[BlackElo "1983"]
[PlyCount "39"]
[EventDate "2010.02.10"]
[EventType "team-swiss"]
[EventRounds "9"]
[EventCountry "GER"]
[SourceTitle "CBM 134 Extra"]
[Source "ChessBase"]
[SourceDate "2010.03.03"]
[SourceVersion "1"]
[SourceVersionDate "2010.03.03"]
[SourceQuality "1"]
[WhiteTeam "Dresden (Seniors)"]
[BlackTeam "Stiftung BSW/DBAG (Seniors) III"]
[WhiteTeamCountry "GER"]
[BlackTeamCountry "GER"]

1. c4 c6 2. d4 d5 3. cxd5 cxd5 4. Nc3 e6 5. Nf3 Nf6 6. e3 Be7 7. Bd3 0-0 8. 0-0 a6 9. Bd2 g6 10. h3 Kg7 11. Ne5 Ng8 12. f4 f5 13. a3 Nf6 14. Be1 Nbd7 15. Bh4 Ne4 16. Bxe7 Qxe7 17. Qe1 Nxe5 18. dxe5 Bd7 19. Be2 Rac8 20. Nxe4 1/2-1/2